000 00927cab a2200241 4500
001 ABS47714
008 090401t1992 xxu||||| |||| 00| 0 eng d
035 _a(Sirsi) u63202
041 _aeng
245 _aEast European construction - After the collapse the recovery?
260 _c1992
350 _a0
490 _aKonstrukt Germany
_v1(5) October 1992, 5-6(2)
520 _aReviews a recent congress organised by the Institute for Construction Business and Organisation and the United Nations Development Organisation, which discussed the decline in construction production within Eastern Europe. Tabulates actual and projected production indices for Czechoslovakia, Hungary and Poland.
650 _aCONSTRUCTION MARKET
650 _aCONSTRUCTION OUTPUT
650 _aEASTERN EUROPE
650 _aFORECASTS
690 _aBUILT ENVIRONMENT
690 _aOVERSEAS-EUROPE
942 _n0
948 _c04/03/1997
999 _c39297
_d39297